Five nights at Freddy's. Stříbrné oči /
Uloženo v:
| Série: | Pět nocí s Freddym,
část 1 |
|---|---|
| Hlavní autor: | |
| Další autoři: | , |
| Médium: | E-kniha |
| Jazyk: | Czech |
| Vydáno: |
Praha :
XYZ,
2020
|
| Vydání: | 1. vydání |
| Témata: | |
| Příbuzné jednotky: | Z cyklu::
Pět nocí s Freddym |
| Tagy: |
Žádné tagy |
| LEADER | 02162nam a2200517 i 4500 | ||
|---|---|---|---|
| 001 | 311255 | ||
| 003 | CZ PrSKC | ||
| 005 | 20260601215702.0 | ||
| 007 | ta | ||
| 008 | 201104s2020 xr d 000 f cze | ||
| 015 | |a cnb003262654 | ||
| 020 | |a 9788075977496 |q (brožováno) : |c Kč 299,00 | ||
| 035 | |a (OCoLC)1237097715 | ||
| 040 | |a ABG001 |b cze |d ABA001 |e rda | ||
| 041 | 1 | |a cze |h eng | |
| 072 | 7 | |a 821.111(73)-3 |x Americká próza |2 Konspekt | |
| 072 | 7 | |a 821-93 |x Literatura pro děti a mládež (beletrie) |2 Konspekt | |
| 080 | |a 821.111(73)-31 |2 MRF | ||
| 080 | |a 821-93 |2 MRF | ||
| 080 | |a (0:82-312.4) |2 MRF | ||
| 100 | 1 | |a Cawthon, Scott, |d 1971- |7 xx0253616 |4 aut | |
| 240 | 1 | 0 | |a Silver eyes. |l Česky |
| 245 | 1 | 0 | |a Five nights at Freddy's. |p Stříbrné oči / |c Scott Cawthon, Kira Breed-Wrisley ; z anglického originálu Five nights at Freddy's - The silver eyes ... přeložila Jana Jašová |
| 246 | 3 | 0 | |a Stříbrné oči |
| 250 | |a 1. vydání | ||
| 264 | 1 | |a Praha : |b XYZ, |c 2020 | |
| 300 | |a 274 stran ; |c 21 cm | ||
| 336 | |a text |b txt |2 rdacontent | ||
| 337 | |a bez média |b n |2 rdamedia | ||
| 338 | |a svazek |b nc |2 rdacarrier | ||
| 546 | |a Český text | ||
| 655 | 7 | |a americké romány |7 fd131796 |2 czenas | |
| 655 | 7 | |a horory (romány) |7 fd184202 |2 czenas | |
| 655 | 7 | |a publikace pro mládež |7 fd133157 |2 czenas | |
| 655 | 9 | |a American fiction |2 eczenas | |
| 655 | 9 | |a horror novels |2 eczenas | |
| 655 | 9 | |a juvenile literature |2 eczenas | |
| 700 | 1 | |a Breed-Wrisley, Kira |7 xx0253617 |4 aut | |
| 700 | 1 | |a Jašová, Jana, |d 1968- |7 jo20000080723 |4 trl | |
| 787 | 0 | 8 | |i Z cyklu: |t Pět nocí s Freddym |g 1 |
| 900 | |a ABA001 |b 21 | ||
| 928 | 9 | |a Albatros Media - XYZ | |
| 044 | |a xr | ||
| 910 | |a RBIT002 | ||
| 998 | |d 209957 |a https://core.palmknihy.cz/api/books/209957/cover?si69vq |b https://core.palmknihy.cz/api/books/209957/cover/400?si69vq |c https://core.palmknihy.cz/api/books/209957/cover/50?si69vq |e 2026-12-31 |g 280 |i 9788075977496 |j https://core.palmknihy.cz/api/books/209957/preview.epub |k https://core.palmknihy.cz/api/books/209957/preview.pdf |l |q 49 |r 1 |s https://www.palmknihy.cz/kniha/209957 |t ebook |y 2020 |z 0 |v Five Nights at Freddy |w 1 | ||
| 999 | |d 311253 | ||